[Event "Women's Speed Chess Q1"]
[Site "chess.com INT"]
[Date "2021.05.28"]
[Round "8"]
[White "Dubnikova, Anastasia"]
[Black "Komiagina, Maria"]
[Result "1-0"]
[WhiteTitle "WFM"]
[BlackTitle "WIM"]
[WhiteElo "2197"]
[BlackElo "2241"]
[WhiteFideId "44153759"]
[BlackFideId "4153987"]
[EventDate "2021.05.28"]

1. d4 Nf6 2. Nc3 d5 3. Bg5 c5 4. Bxf6 gxf6 5. Nf3 Nc6 6. e3 a6 7. dxc5 e6 8. e4
d4 9. Na4 Qa5+ 10. c3 dxc3 11. Nxc3 Bxc5 12. Be2 O-O 13. O-O b5 14. Qc1 Qb6 15.
Qh6 Be7 16. Bd3 Ne5 17. Nxe5 fxe5 18. Rfe1 f6 19. Re3 Rf7 20. Rg3+ Kh8 21. Qh5
Rf8 22. Qg4 1-0

[Event "Women's Speed Chess Q1"]
[Site "chess.com INT"]
[Date "2021.05.28"]
[Round "8"]
[White "Dhyana, Patel"]
[Black "Von Herman, Brigitte"]
[Result "1-0"]
[WhiteTitle "WFM"]
[BlackTitle "WFM"]
[WhiteElo "1947"]
[BlackElo "1991"]
[WhiteFideId "35006908"]
[BlackFideId "4628730"]
[EventDate "2021.05.28"]

1. e4 e5 2. Nf3 Nc6 3. Bb5 a6 4. Bxc6 dxc6 5. O-O Bg4 6. h3 Bh5 7. d3 f6 8. Be3
Bd6 9. Nbd2 Ne7 10. a4 Qd7 11. Nc4 g5 12. Nfxe5 Bxd1 13. Nxd7 Kxd7 14. Raxd1
Rag8 15. f4 gxf4 16. Bxf4 Bxf4 17. Rxf4 Rg6 18. Rdf1 Rhg8 19. Ne3 Ke6 20. d4 Rg3
21. Ng4 h5 22. Rxf6+ Kd7 23. Kh2 hxg4 24. Kxg3 gxh3+ 25. Kxh3 Rh8+ 26. Kg3 Rg8+
27. Kh2 Ng6 28. Rf7+ Kd8 29. e5 c5 30. dxc5 Nxe5 31. Rf8+ Rxf8 32. Rxf8+ Kd7 33.
Rf5 Ng6 34. g4 Ne7 35. Rf7 Ke6 36. Rxe7+ 1-0

[Event "Women's Speed Chess Q1"]
[Site "chess.com INT"]
[Date "2021.05.28"]
[Round "8"]
[White "Frattini, Beatriz Maria"]
[Black "Michelle Catherina, P"]
[Result "0-1"]
[WhiteTitle "WCM"]
[BlackTitle "WIM"]
[WhiteElo "1854"]
[BlackElo "2176"]
[WhiteFideId "22715002"]
[BlackFideId "5005736"]
[EventDate "2021.05.28"]

1. e4 e5 2. Nf3 Nc6 3. Bb5 g6 4. O-O Bg7 5. c3 a6 6. Ba4 Nge7 7. d4 exd4 8. cxd4
b5 9. Bb3 O-O 10. Nc3 d6 11. h3 Na5 12. Bc2 c5 13. Re1 Qb6 14. Be3 Nc4 15. dxc5
dxc5 16. Bg5 Nxb2 17. Qe2 Bxc3 18. Bxe7 Re8 19. Bg5 Bxe1 20. Qxe1 Nc4 21. Qc3
Bb7 22. Bh6 f6 23. Re1 Qe6 24. Ng5 Qe5 25. Qxe5 Nxe5 26. Nf3 Nxf3+ 27. gxf3 c4
28. a4 b4 29. Bd2 a5 0-1

[Event "Women's Speed Chess Q1"]
[Site "chess.com INT"]
[Date "2021.05.28"]
[Round "8"]
[White "Ramirez, Maria Eugenia"]
[Black "Tarasova, Viktoriya"]
[Result "0-1"]
[WhiteTitle "WFM"]
[BlackTitle "WIM"]
[WhiteElo "2057"]
[BlackElo "2226"]
[WhiteFideId "3301680"]
[BlackFideId "4175840"]
[EventDate "2021.05.28"]

1. e4 c5 2. c3 Nf6 3. e5 Nd5 4. g3 e6 5. Bg2 d6 6. exd6 Bxd6 7. Nf3 O-O 8. O-O
Nc6 9. d4 b6 10. dxc5 Bxc5 11. Nbd2 Bb7 12. Ne4 Be7 13. Re1 h6 14. c4 Ndb4 15.
Bf4 Nd3 16. Re2 Nxf4 17. gxf4 Qc7 18. Ne5 Rfd8 19. Qc2 Nd4 20. Qd3 Nxe2+ 21.
Qxe2 f5 22. Nc3 Bxg2 23. Kxg2 Bf6 24. Re1 Bxe5 25. Qxe5 Qxe5 26. Rxe5 Kf7 27. c5
bxc5 28. Rxc5 Rd7 29. Rc6 Rb8 30. b3 Rbb7 31. Na4 Rbc7 32. Ra6 Rc2 33. a3 g5 34.
b4 Rdd2 35. Rxa7+ Kf6 36. Nc5 Rxf2+ 37. Kg3 gxf4+ 38. Kh4 Rxh2# 0-1

[Event "Women's Speed Chess Q1"]
[Site "chess.com INT"]
[Date "2021.05.28"]
[Round "8"]
[White "Cori T., Deysi"]
[Black "Starosta, Martyna"]
[Result "1-0"]
[WhiteTitle "WGM"]
[BlackTitle "WCM"]
[WhiteElo "2388"]
[BlackElo "1910"]
[WhiteFideId "3801934"]
[BlackFideId "21818754"]
[EventDate "2021.05.28"]

1. d4 Nf6 2. Nf3 e6 3. e3 c5 4. Bd3 d5 5. b3 Nc6 6. Bb2 Bd6 7. O-O O-O 8. a3 b6
9. Nbd2 Bb7 10. Qe2 Rb8 11. dxc5 bxc5 12. e4 Nd7 13. Rad1 d4 14. Nc4 Bc7 15. e5
g6 16. c3 dxc3 17. Bxc3 Nb6 18. Bxg6 Nd5 19. Bxh7+ Kxh7 20. Qe4+ Kh8 21. Ba1 Nd4
22. Nxd4 cxd4 23. Rd3 Rg8 24. Bxd4 Kg7 25. Qg4+ Kf8 26. Bc5+ Bd6 27. Bxd6+ Qxd6
28. Qxg8+ Kxg8 29. Nxd6 Ba6 30. Rg3+ Kf8 31. Rc1 Nf4 32. Kh1 Ne2 33. Rh3 Ke7 34.
Rc7+ Kd8 35. Rxf7 1-0

[Event "Women's Speed Chess Q1"]
[Site "chess.com INT"]
[Date "2021.05.28"]
[Round "8"]
[White "Vine, Elzbieta"]
[Black "Eswaran, Aksithi"]
[Result "0-1"]
[WhiteTitle "WFM"]
[BlackTitle "WCM"]
[WhiteElo "2138"]
[BlackElo "1745"]
[WhiteFideId "1119320"]
[BlackFideId "2083485"]
[EventDate "2021.05.28"]

1. e4 c5 2. Nf3 Nc6 3. d4 cxd4 4. Nxd4 Nf6 5. Nc3 e5 6. Ndb5 d6 7. Bg5 a6 8. Na3
Be6 9. Nd5 Bxd5 10. exd5 Qa5+ 11. c3 Qxd5 12. Qc2 Be7 13. Bxf6 Bxf6 14. Rd1 Qe6
15. Bc4 Qe7 16. O-O O-O 17. Bd5 Rac8 18. Qf5 g6 19. Qe4 Bg7 20. Nc2 Kh8 21. Ne3
f5 22. Qf3 e4 23. Qe2 Ne5 24. Bb3 Qg5 25. Kh1 f4 26. Nd5 f3 27. gxf3 exf3 0-1

[Event "Women's Speed Chess Q1"]
[Site "chess.com INT"]
[Date "2021.05.28"]
[Round "8"]
[White "Kulkarni, Bhakti"]
[Black "Sukandar, Irine Kharisma"]
[Result "1-0"]
[WhiteTitle "IM"]
[BlackTitle "IM"]
[WhiteElo "2391"]
[BlackElo "2413"]
[WhiteFideId "5019516"]
[BlackFideId "7101937"]
[EventDate "2021.05.28"]

1. d4 c5 2. d5 e5 3. Nc3 d6 4. e4 g6 5. Bb5+ Nd7 6. a4 Bg7 7. Nf3 Ne7 8. O-O O-O
9. Bd3 f5 10. Ng5 Nf6 11. f3 h6 12. Ne6 Bxe6 13. dxe6 Qc8 14. Bc4 Rd8 15. Nd5
Nfxd5 16. exd5 Rf8 17. Ra3 g5 18. Kh1 Qe8 19. a5 Rb8 20. Rb3 Qh5 21. Be2 f4 22.
Bd3 Kh8 23. Be4 Bf6 24. Kg1 Rg8 25. g4 fxg3 26. hxg3 g4 27. fxg4 Rxg4 28. Rxf6
Rxg3+ 29. Rxg3 Qxd1+ 30. Kh2 Qxc1 31. Rf7 Qd2+ 32. Kh3 Ng6 33. Bxg6 Qe1 34. Rh7+
Kg8 35. Bf5+ Kf8 36. e7+ 1-0

[Event "Women's Speed Chess Q1"]
[Site "chess.com INT"]
[Date "2021.05.28"]
[Round "8"]
[White "Koridze, Lile"]
[Black "Bulmaga, Irina"]
[Result "0-1"]
[WhiteTitle "WFM"]
[BlackTitle "IM"]
[WhiteElo "2016"]
[BlackElo "2440"]
[WhiteFideId "13612514"]
[BlackFideId "13903063"]
[EventDate "2021.05.28"]

1. d4 Nf6 2. c4 g6 3. Nc3 Bg7 4. e4 d6 5. Nf3 O-O 6. Be2 e5 7. O-O Na6 8. Be3 c6
9. a3 Qe7 10. Qc2 h6 11. b4 Ng4 12. Qd3 Nc7 13. dxe5 Nxe5 14. Nxe5 Qxe5 15. Rac1
f5 16. Rfd1 fxe4 17. Nxe4 d5 18. Ng3 Qf6 19. Bd4 Qxd4 20. Qxd4 Bxd4 21. Rxd4 Ne6
22. Rdd1 Nf4 23. cxd5 cxd5 24. Bf3 Be6 25. Rc7 Rf7 26. Rxf7 Kxf7 27. Rd4 g5 28.
Ne2 Nxe2+ 29. Bxe2 Rc8 30. f3 Kf6 31. Kf2 Ke5 32. Ke3 Bf5 33. Rd2 Rc3+ 34. Kf2
Rxa3 35. Bd1 d4 36. g3 Kd5 37. Bc2 Bxc2 38. Rxc2 Rc3 39. Re2 Kc4 40. Re7 b5 41.
Rxa7 Rc2+ 42. Ke1 Kxb4 43. Rd7 Kc3 44. Rc7+ Kd3 0-1

[Event "Women's Speed Chess Q1"]
[Site "chess.com INT"]
[Date "2021.05.28"]
[Round "8"]
[White "Kiolbasa, Oliwia"]
[Black "Obregon Garcia, Roxangel"]
[Result "1-0"]
[WhiteTitle "WIM"]
[BlackTitle "WIM"]
[WhiteElo "2255"]
[BlackElo "2167"]
[WhiteFideId "1154613"]
[BlackFideId "3520420"]
[EventDate "2021.05.28"]

1. e4 c5 2. Nf3 Nc6 3. d4 cxd4 4. Nxd4 Nf6 5. Nc3 e6 6. Be2 Bb4 7. O-O Bxc3 8.
bxc3 Nxe4 9. Qd3 d5 10. Ba3 Ne5 11. Qe3 Ng6 12. c4 Qg5 13. f4 Qh4 14. cxd5 exd5
15. Bb5+ Bd7 16. Nf5 Qf6 17. Nd6+ Kd8 18. Nxe4 dxe4 19. Rad1 1-0

[Event "Women's Speed Chess Q1"]
[Site "chess.com INT"]
[Date "2021.05.28"]
[Round "8"]
[White "Pandey, Srishti"]
[Black "Purtseladze, Maka"]
[Result "1-0"]
[WhiteTitle "WFM"]
[BlackTitle "IM"]
[WhiteElo "2026"]
[BlackElo "2274"]
[WhiteFideId "35093290"]
[BlackFideId "13602659"]
[EventDate "2021.05.28"]

1. d4 Nf6 2. c4 Nc6 3. Nf3 e6 4. a3 g6 5. Nc3 Bg7 6. e3 d6 7. Be2 O-O 8. O-O a5
9. Rb1 e5 10. b4 axb4 11. axb4 exd4 12. exd4 d5 13. b5 Na5 14. c5 Bf5 15. Bd3
Bxd3 16. Qxd3 Nc4 17. Nd2 Nxd2 18. Bxd2 Qd7 19. Bf4 Ra3 20. Qd2 Ne4 21. Nxe4
dxe4 22. d5 Rd3 23. Qe2 Re8 24. d6 cxd6 25. Bxd6 f5 26. Rfd1 Rxd1+ 27. Rxd1 Ra8
28. h3 h5 29. Qc4+ Qf7 30. Qxf7+ Kxf7 31. Bf4 Bf8 32. c6 bxc6 33. b6 1-0

[Event "Women's Speed Chess Q1"]
[Site "chess.com INT"]
[Date "2021.05.28"]
[Round "8"]
[White "Sliwicka, Alicja"]
[Black "Kiran, Manisha Mohanty"]
[Result "0-1"]
[WhiteTitle "WIM"]
[BlackTitle "WGM"]
[WhiteElo "2346"]
[BlackElo "2168"]
[WhiteFideId "1150677"]
[BlackFideId "5019575"]
[EventDate "2021.05.28"]

1. e4 c5 2. Nf3 d6 3. d4 cxd4 4. Nxd4 Nf6 5. Nc3 Nc6 6. Bg5 e6 7. Bb5 Bd7 8.
Bxc6 bxc6 9. Qf3 e5 10. Nf5 Bxf5 11. Qxf5 Be7 12. O-O O-O 13. Rad1 Ne8 14. Bxe7
Qxe7 15. Ne2 Rb8 16. b3 Nc7 17. c4 Ne6 18. Qh3 c5 19. g3 Nd4 20. Nc3 Qe6 21. Qh5
f5 22. f3 g6 23. Qh3 Rf7 24. Nd5 Rbf8 25. Rde1 Qe8 26. exf5 Rxf5 27. f4 Qf7 28.
Qg2 g5 29. fxe5 Nf3+ 30. Kh1 Nxe1 31. Rxf5 Nxg2 32. Rxf7 Rxf7 33. exd6 Ne1 34.
h4 Kf8 35. hxg5 Rd7 36. Kg1 Rxd6 37. Kf2 Nd3+ 38. Ke3 Nc1 39. b4 cxb4 40. Nxb4
a5 41. c5 Re6+ 42. Kd2 axb4 43. Kxc1 Rc6 0-1

[Event "Women's Speed Chess Q1"]
[Site "chess.com INT"]
[Date "2021.05.28"]
[Round "8"]
[White "Hoshino, Karen"]
[Black "Kanyamarala, Trisha"]
[Result "0-1"]
[WhiteTitle "WFM"]
[BlackTitle "WIM"]
[WhiteElo "1836"]
[BlackElo "2180"]
[WhiteFideId "2137984"]
[BlackFideId "45004722"]
[EventDate "2021.05.28"]

1. d4 Nf6 2. c4 e6 3. Nc3 Bb4 4. e3 d5 5. Bd3 dxc4 6. Bxc4 c5 7. Ne2 Nc6 8. O-O
cxd4 9. exd4 O-O 10. Bg5 a6 11. a4 h6 12. Bh4 Be7 13. Bxf6 Bxf6 14. d5 Ne5 15.
Ba2 exd5 16. Nxd5 Bf5 17. Rc1 Nd3 18. Rc7 Nxb2 19. Qb3 Be6 20. Qxb7 Rb8 21. Qc6
Be5 22. Ne7+ Kh8 23. Bxe6 Qxc7 24. Qxc7 Bxc7 25. Bg4 Rb4 26. Bf5 Rxa4 27. Rc1
Bb6 28. g3 Re8 29. Rc8 Rxc8 30. Nxc8 Bc5 31. Kg2 Nd1 32. Nf4 Ra2 33. Nd3 Bxf2
34. Nxf2 Rxf2+ 35. Kh3 Rxf5 36. Nd6 Rd5 37. Nxf7+ Kg8 38. Nxh6+ gxh6 39. Kg4 a5
40. Kf3 a4 41. h4 a3 42. g4 a2 43. g5 hxg5 0-1

[Event "Women's Speed Chess Q1"]
[Site "chess.com INT"]
[Date "2021.05.28"]
[Round "8"]
[White "Li, Xueyi"]
[Black "Dworakowska, Joanna"]
[Result "1-0"]
[WhiteTitle "WGM"]
[BlackTitle "IM"]
[WhiteElo "2328"]
[BlackElo "2322"]
[WhiteFideId "8605912"]
[BlackFideId "1107445"]
[EventDate "2021.05.28"]

1. d4 d5 2. c4 e6 3. Nf3 c6 4. Nc3 dxc4 5. a4 Bb4 6. g3 b5 7. Bg2 Ne7 8. O-O Bb7
9. axb5 Bxc3 10. bxc6 Bxc6 11. bxc3 O-O 12. Qc2 f5 13. Ba3 Rf6 14. Nd2 Bxg2 15.
Kxg2 Nbc6 16. f3 Nd5 17. Kf2 Rh6 18. Rh1 Qg5 19. Nxc4 Rh3 20. e4 Qh5 21. Kg2 Na5
22. exd5 Nxc4 23. Qe2 exd5 24. Qe6+ Kh8 25. Rae1 Nxa3 26. g4 fxg4 27. fxg4 Qg6
28. Qxg6 hxg6 29. Kxh3 Nc4 30. Re7 a5 31. Rhe1 Kh7 32. Re8 Ra6 33. R1e6 Ra7 34.
R6e7 Ra6 35. Rd8 Rf6 36. Rdd7 Kh6 37. Rxg7 Nd2 38. Rgf7 Re6 39. Rxd5 a4 40. g5+
Kh5 41. Rh7# 1-0

[Event "Women's Speed Chess Q1"]
[Site "chess.com INT"]
[Date "2021.05.28"]
[Round "8"]
[White "Soumya, Swaminathan"]
[Black "Gevorgyan, Maria"]
[Result "0-1"]
[WhiteTitle "IM"]
[BlackTitle "WGM"]
[WhiteElo "2351"]
[BlackElo "2219"]
[WhiteFideId "5016193"]
[BlackFideId "13300270"]
[EventDate "2021.05.28"]

1. d4 Nf6 2. c4 c5 3. d5 e6 4. Nc3 exd5 5. cxd5 d6 6. Nf3 g6 7. Bf4 Bg7 8. Qa4+
Bd7 9. Qb3 Qc7 10. e4 O-O 11. Bd3 a6 12. a4 Re8 13. O-O c4 14. Bxc4 Nxe4 15.
Rfe1 Nxc3 16. bxc3 Rc8 17. Nd2 Bf5 18. Qa3 Bf8 19. a5 Nd7 20. f3 Nc5 21. Kh1 h5
22. Re3 Re8 23. Rae1 Qd7 24. h4 Rxe3 25. Rxe3 Re8 26. Qc1 Rxe3 27. Bxe3 Qe7 28.
Qg1 Qxh4+ 29. Qh2 Qd8 30. Qf4 Qxa5 31. g4 hxg4 32. fxg4 Bd7 33. Bd4 Qd8 34. g5
Bf5 35. Qh4 Bg7 36. Bf6 Bxf6 37. gxf6 Nd7 38. Nf3 Qxf6 39. Ng5 Qg7 0-1

[Event "Women's Speed Chess Q1"]
[Site "chess.com INT"]
[Date "2021.05.28"]
[Round "8"]
[White "Osmak, Iulija"]
[Black "Sviridova, Vlada"]
[Result "1-0"]
[WhiteTitle "IM"]
[BlackTitle "WFM"]
[WhiteElo "2425"]
[BlackElo "2144"]
[WhiteFideId "14101602"]
[BlackFideId "24109606"]
[EventDate "2021.05.28"]

1. e4 e6 2. d4 d5 3. e5 c5 4. c3 Qb6 5. Nf3 Nc6 6. a3 c4 7. Nbd2 Na5 8. Be2 Bd7
9. O-O Ne7 10. Rb1 Qc7 11. Re1 Nc8 12. Nf1 Nb6 13. Bf4 h6 14. h4 Be7 15. Ng3
O-O-O 16. Qd2 Bc6 17. h5 Qd7 18. Nh2 Rdg8 19. Bg4 g5 20. Be3 Qe8 21. Bh3 Qf8 22.
Ng4 Qg7 23. Rf1 Kb8 24. f4 gxf4 25. Bxf4 Nb3 26. Qe3 Be8 27. Rf3 Qh7 28. Nxh6
Rxg3 29. Bxg3 Qxb1+ 30. Rf1 Qh7 31. Bf4 Bf8 32. Ng4 Qxh5 33. Nf6 Qg6 34. Nxe8
Be7 35. Nd6 Nd2 36. Qxd2 Rxh3 37. Qf2 Rh7 38. Qf3 Nd7 39. Qg3 Qxg3 40. Bxg3 Bxd6
41. exd6 f5 42. Re1 Rh6 43. Bf4 Rg6 44. Kf2 b6 45. Rh1 Kb7 46. Rh7 Kc6 47. Kf3
a5 48. a4 Rg8 49. Re7 Rg6 50. g3 Nf8 51. Rc7# 1-0

[Event "Women's Speed Chess Q1"]
[Site "chess.com INT"]
[Date "2021.05.28"]
[Round "8"]
[White "Morris-Suzuki, Sophie"]
[Black "Nurmanova, Alua"]
[Result "0-1"]
[WhiteTitle "WFM"]
[BlackTitle "WFM"]
[WhiteElo "2043"]
[BlackElo "2008"]
[WhiteFideId "30922615"]
[BlackFideId "13729390"]
[EventDate "2021.05.28"]

1. e4 c5 2. Nf3 d6 3. d4 cxd4 4. Nxd4 Nf6 5. Nc3 a6 6. Bc4 e6 7. Bb3 b5 8. O-O
Be7 9. Qf3 Qb6 10. Be3 Qb7 11. Qg3 Nbd7 12. Rad1 b4 13. Nf5 exf5 14. Qxg7 Rf8
15. Nd5 Nxd5 16. Bxd5 Qb8 17. Bxa8 Qxa8 18. exf5 Nf6 19. f3 Rg8 20. Qh6 Bxf5 21.
Bd4 Rg6 22. Qf4 Be6 23. Rfe1 Qc6 24. Rd2 Nd7 25. Be3 Ne5 26. Kh1 Nc4 27. Rd4 Bg5
28. Qe4 Qxe4 29. Rxe4 Bxe3 30. b3 d5 31. Rh4 Bf2 32. bxc4 Bxe1 0-1

[Event "Women's Speed Chess Q1"]
[Site "chess.com INT"]
[Date "2021.05.28"]
[Round "8"]
[White "Zhai, Mo"]
[Black "Antova, Gabriela"]
[Result "1-0"]
[WhiteTitle "WGM"]
[BlackTitle "FM"]
[WhiteElo "2366"]
[BlackElo "2250"]
[WhiteFideId "8600201"]
[BlackFideId "2915235"]
[EventDate "2021.05.28"]

1. Nf3 d5 2. g3 Nf6 3. Bg2 Bg4 4. O-O Nbd7 5. h3 Bh5 6. c4 c6 7. Qb3 Qc7 8. cxd5
Nxd5 9. d4 e6 10. e4 N5f6 11. Nc3 Be7 12. Bf4 Qb6 13. Nd2 O-O 14. Nc4 Qxb3 15.
axb3 b5 16. Na5 Rfc8 17. g4 Bg6 18. g5 Nh5 19. Be3 b4 20. Ne2 f6 21. e5 fxe5 22.
Nxc6 Bf8 23. Nxa7 e4 24. Nxc8 Rxc8 25. Rfc1 Rd8 26. Ra7 Nb6 27. Nf4 Nd5 28. Nxe6
Re8 29. Nxf8 Kxf8 30. Rc5 Nhf4 31. Bf1 Nxe3 32. fxe3 Nd5 33. Rxd5 1-0

[Event "Women's Speed Chess Q1"]
[Site "chess.com INT"]
[Date "2021.05.28"]
[Round "8"]
[White "Avramidou, Anastasia"]
[Black "Linares Napoles, Oleiny"]
[Result "0-1"]
[WhiteTitle "FM"]
[BlackTitle "WGM"]
[WhiteElo "2238"]
[BlackElo "2255"]
[WhiteFideId "4239873"]
[BlackFideId "3504794"]
[EventDate "2021.05.28"]

1. d4 Nf6 2. c4 g6 3. Nc3 Bg7 4. e4 d6 5. Bd3 O-O 6. Nge2 a6 7. O-O e5 8. d5 c6
9. f3 Nbd7 10. Be3 cxd5 11. cxd5 Nh5 12. Qd2 f5 13. exf5 gxf5 14. f4 e4 15. Bc2
Nhf6 16. h3 Rf7 17. Nd4 Nf8 18. Bb3 Qe7 19. Rad1 Bd7 20. Na4 Re8 21. Nb6 Bb5 22.
Nxf5 Qd8 23. Rfe1 Bd3 24. Na4 Ng6 25. Nd4 Nh5 26. Ne6 Qh4 27. Bc2 Bxc2 28. Qxc2
Ngxf4 29. Bxf4 Nxf4 30. Rxe4 Qg3 31. Nxf4 Rxe4 32. Qxe4 Rxf4 33. Qe8+ Rf8 34.
Qe6+ Kh8 35. Nc3 Be5 0-1

[Event "Women's Speed Chess Q1"]
[Site "chess.com INT"]
[Date "2021.05.28"]
[Round "8"]
[White "Mendoza, Beverly"]
[Black "Chu, Ruotong"]
[Result "0-1"]
[WhiteTitle "WIM"]
[BlackTitle "WIM"]
[WhiteElo "1945"]
[BlackElo "2207"]
[WhiteFideId "5201250"]
[BlackFideId "8605653"]
[EventDate "2021.05.28"]

1. d4 d5 2. Nf3 Nf6 3. Bf4 Bf5 4. e3 e6 5. Bd3 Ne4 6. O-O Nd7 7. c4 c6 8. Nc3
Ndf6 9. Qb3 Nd2 10. Nxd2 Bxd3 11. Qxb7 Bxf1 12. Qxc6+ Ke7 13. Qb7+ Nd7 14. Rxf1
Qc8 15. Qa6 Qxa6 16. cxd5 Nf6 17. dxe6 fxe6 18. b3 Qd3 19. Ncb1 Nd5 20. Bg3 Nb6
21. Nf3 Nd7 22. Na3 Rc8 23. Nc4 Ke8 24. Bd6 Nb6 25. Nfe5 Qe2 26. Bxf8 Kxf8 27.
Nxb6 axb6 28. Nd7+ Ke7 29. Nxb6 Rhf8 30. Nc4 Qxa2 31. Ne5 Qxf2+ 32. Rxf2 Rc1+
33. Rf1 Rcxf1# 0-1

[Event "Women's Speed Chess Q1"]
[Site "chess.com INT"]
[Date "2021.05.28"]
[Round "8"]
[White "Priyanka, K"]
[Black "Franco Valencia, Angela"]
[Result "0-1"]
[WhiteTitle "WIM"]
[BlackTitle "WIM"]
[WhiteElo "2218"]
[BlackElo "2089"]
[WhiteFideId "5082986"]
[BlackFideId "4403070"]
[EventDate "2021.05.28"]

1. e4 e5 2. Nf3 Nc6 3. Bb5 a6 4. Ba4 Nge7 5. Bb3 d5 6. exd5 Nxd5 7. O-O Bg4 8.
h3 Bh5 9. Re1 Qd6 10. d4 O-O-O 11. dxe5 Nxe5 12. Bxd5 Nxf3+ 13. Bxf3 Qxd1 14.
Rxd1 Rxd1+ 15. Bxd1 Bxd1 16. c3 Bc5 17. Bf4 Re8 18. Nd2 Bc2 19. Rc1 Bd3 20. Nb3
Ba7 21. Rd1 Bc4 22. Nd4 Bxa2 23. Be3 Bc4 24. Nf5 Bxe3 25. Nxe3 Be6 26. Kf1 Rd8
27. Rxd8+ Kxd8 28. Ke2 Kd7 29. Kd3 Kd6 30. Ke4 a5 31. Kd4 c5+ 32. Ke4 b5 33. f4
Bd7 34. g3 g6 35. h4 a4 36. Kd3 Bc8 37. Ke4 Ba6 38. Nc2 Bb7+ 39. Kd3 Bc8 40. Ne3
Be6 41. Ke4 b4 42. cxb4 cxb4 43. Kd4 a3 44. bxa3 bxa3 45. Kc3 Kc5 46. Nc2 a2 47.
Kb2 Kc4 48. Ne3+ Kd3 49. Nd1 Ke2 50. Nc3+ Kf3 0-1

[Event "Women's Speed Chess Q1"]
[Site "chess.com INT"]
[Date "2021.05.28"]
[Round "8"]
[White "Nguyen, Thi Mai Hung"]
[Black "Kabanova, Ekaterina"]
[Result "0-1"]
[WhiteTitle "WGM"]
[BlackTitle "WFM"]
[WhiteElo "2254"]
[BlackElo "2138"]
[WhiteFideId "12401676"]
[BlackFideId "24112917"]
[EventDate "2021.05.28"]

1. d4 c5 2. d5 e5 3. e4 a6 4. a4 d6 5. Nf3 Bg4 6. Be2 Bxf3 7. Bxf3 Ne7 8. Nd2
Ng6 9. Nc4 Be7 10. g3 O-O 11. h4 Re8 12. h5 Nf8 13. Bg2 h6 14. Qg4 Kh8 15. Qf5
b6 16. a5 b5 17. Nb6 Ra7 18. Qxf7 Nbd7 19. Nxd7 Bf6 20. Bh3 Nxd7 21. Bf5 Rc7 22.
Qg6 Nf8 23. Qg4 c4 24. Be3 c3 25. b3 Rb7 26. O-O Nh7 27. Kg2 Bg5 28. f4 exf4 29.
gxf4 Bf6 30. Kf3 Rbe7 31. Rg1 Nf8 32. Rg2 Qc7 33. Bb6 Qb7 34. Rag1 Qa8 35. Kg3
Rxe4 36. Bxe4 Rxe4 37. Qf5 Qe8 38. Kh3 Re2 39. Rg3 Re4 40. Qxf6 Qd7+ 41. Kh2
Re2+ 42. Kh1 gxf6 43. Bd4 Qf7 0-1

[Event "Women's Speed Chess Q1"]
[Site "chess.com INT"]
[Date "2021.05.28"]
[Round "8"]
[White "Petrova, Irina"]
[Black "Vargas, Gabriela"]
[Result "0-1"]
[WhiteTitle "WIM"]
[BlackTitle "WIM"]
[WhiteElo "2110"]
[BlackElo "2170"]
[WhiteFideId "14124122"]
[BlackFideId "3700860"]
[EventDate "2021.05.28"]

1. e4 e6 2. d4 d5 3. Nc3 Nf6 4. Bg5 Be7 5. e5 Nfd7 6. Bxe7 Qxe7 7. f4 a6 8. Nf3
c5 9. Bd3 Nc6 10. dxc5 Nxc5 11. a3 Bd7 12. O-O Nxd3 13. Qxd3 Rc8 14. Ne2 Qc5+
15. Kh1 Qc4 16. Ned4 Nxd4 17. Nxd4 Qxd3 18. cxd3 Ke7 19. Kg1 Rc5 20. Kf2 Rhc8
21. Ke3 f6 22. Kd2 b5 23. Rac1 a5 24. Rxc5 Rxc5 25. Rc1 Rxc1 26. Kxc1 g5 27. g3
gxf4 28. gxf4 fxe5 29. fxe5 Kf7 30. Kd2 Kg6 31. Ke3 Kg5 32. b4 axb4 33. axb4 h6
34. Ne2 Kf5 35. Kd4 Be8 36. Nc3 Kf4 37. Nd1 h5 38. Nf2 h4 39. Nd1 Kf3 40. Nc3
Kg2 41. Ke3 Kxh2 42. Kf2 Kh3 43. Kf3 d4 44. Nb1 Bc6+ 45. Kf2 Kg4 46. Nd2 h3 47.
Kg1 Kg3 48. Nf1+ Kf3 49. Kh2 Ke2 50. Kxh3 Kxf1 0-1

[Event "Women's Speed Chess Q1"]
[Site "chess.com INT"]
[Date "2021.05.28"]
[Round "8"]
[White "Papp, Petra"]
[Black "Buksa, Nataliya"]
[Result "0-1"]
[WhiteTitle "WGM"]
[BlackTitle "IM"]
[WhiteElo "2336"]
[BlackElo "2414"]
[WhiteFideId "739049"]
[BlackFideId "14123622"]
[EventDate "2021.05.28"]

1. e4 c5 2. Nf3 Nc6 3. d4 cxd4 4. Nxd4 Nf6 5. Nc3 e5 6. Ndb5 d6 7. Bg5 a6 8. Na3
b5 9. Nd5 Be7 10. Bxf6 Bxf6 11. c4 b4 12. Nc2 O-O 13. g3 a5 14. Bg2 a4 15. O-O
b3 16. axb3 Be6 17. bxa4 Bg5 18. b4 Ne7 19. a5 Nxd5 20. cxd5 Bd7 21. Na3 Qb8 22.
Rb1 Rc8 23. Qd3 Ba4 24. f4 exf4 25. gxf4 Bf6 26. e5 dxe5 27. d6 e4 28. Bxe4 Rc3
29. Qd5 Bc6 30. Qxc6 Rxc6 31. Bxc6 Qa7+ 32. Kh1 Rd8 33. d7 Rxd7 34. Nb5 Qa6 35.
Bxd7 Qb7+ 36. Kg1 Qxd7 37. Rbc1 g6 38. Rc5 Be7 39. Rc7 Qxb5 40. Rxe7 Qxb4 41.
Re8+ Kg7 42. Re5 h5 43. Rd5 Qc4 44. Rfd1 Qxf4 45. a6 Qe3+ 46. Kh1 h4 47. Rd7 h3
48. R7d2 Qa3 49. Kg1 Qxa6 50. Kf2 Qa3 51. Rd3 Qb2+ 52. R3d2 Qe5 53. Kf3 g5 54.
Kg4 Qe3 55. Rd3 f5+ 56. Kxf5 Qf4+ 57. Ke6 Qxh2 58. Rd7+ Kg6 59. R1d6 g4 60. Kd5+
Kg5 61. Ke4 Qe2+ 62. Kd4 Kf4 63. Rh7 Qd2+ 64. Kc5 Qc2+ 65. Kd5 Qxh7 66. Rf6+ Kg5 0-1

[Event "Women's Speed Chess Q1"]
[Site "chess.com INT"]
[Date "2021.05.28"]
[Round "8"]
[White "Belenkaya, Dina"]
[Black "Mkrtchian, Lilit"]
[Result "1/2-1/2"]
[WhiteTitle "WGM"]
[BlackTitle "IM"]
[WhiteElo "2304"]
[BlackElo "2388"]
[WhiteFideId "24142654"]
[BlackFideId "13300601"]
[EventDate "2021.05.28"]

1. e4 e6 2. Qe2 c5 3. Nf3 Nc6 4. g3 g6 5. Bg2 Bg7 6. c3 Nge7 7. h4 h6 8. d4 cxd4
9. cxd4 Nxd4 10. Nxd4 Bxd4 11. O-O Bg7 12. Rd1 O-O 13. Nc3 b6 14. Be3 Bb7 15.
Qd2 Kh7 16. Qd6 Bc6 17. Bf4 Rc8 18. Rd2 f5 19. e5 Bxg2 20. Kxg2 Rxc3 21. bxc3
Nd5 22. Rd4 Qa8 23. f3 Rd8 24. c4 Bf8 25. cxd5 Bxd6 26. exd6 exd5 27. Re1 Re8
28. Rc1 Qd8 29. Rc7 Re2+ 30. Kf1 Rxa2 31. Be5 Qe8 32. f4 g5 33. Rxd5 Qh5 34.
Rxd7+ Kg8 35. Rd8+ Kf7 36. Rd7+ Kg8 37. Rd8+ Kf7 38. Rd7+ Kg8 1/2-1/2